|
|
|
|
| LEADER |
00000ny a22000003n 4500 |
| 003 |
CaPaEBR |
| 005 |
2011062303203.0 |
| 006 |
m u |
| 007 |
cr cn||||||||| |
| 008 |
010801s2001 dcu sb 000 0 eng |
| 010 |
|
|
|z 2001045660
|
| 020 |
|
|
|a 9780821349939
|
| 035 |
|
|
|a 2249
|
| 040 |
|
|
|a CaPaEBR
|c CaPaEBR
|d vlex
|
| 050 |
1 |
4 |
|a K3895
|b .E34 2001eb
|
| 082 |
0 |
4 |
|a 343.73/07692
|2 21
|
| 090 |
|
|
|c 1102
|d 1102
|
| 100 |
1 |
|
|a Edeson, W. R.
|q (William R.)
|
| 245 |
1 |
0 |
|a Legislating for sustainable fisheries
|h [Recurso electrn̤ico]
|b a guide to implementing the 1993 FAO Compliance Agreement and 1995 UN Fish Stocks Agreement /
|c William Edeson, David Freestone, Elly Gudmundsdottir
|
| 256 |
0 |
0 |
|a Servicio en ln̕ea
|
| 260 |
|
|
|a Washington, D.C. :
|b World Bank,
|c 2001
|
| 300 |
|
|
|a xii, 151 p. ;
|c 23 cm
|
| 504 |
|
|
|a Includes bibliographical references (p. 143-151)
|
| 506 |
1 |
|
|a Contenido solo disponible en los productos indicados
|d vLex Global
|d vLex Global (Academic Edition, excluding Law Schools)
|d vLex Global (U.S. Academic Edition, Law Schools)
|d vLex Global (U.S. Academic Edition, excluding Law Schools)
|d vLex Global (Academic Edition, Law Schools)
|
| 650 |
0 |
4 |
|a Piscicultura
|x Derecho
|
| 700 |
1 |
|
|a Freestone, David
|
| 700 |
1 |
|
|a Gudmundsdottir, Elly,
|d 1964-
|
| 740 |
0 |
|
|a vLex Libros (Servicios en ln̕ea)
|
| 856 |
4 |
0 |
|u http://vlex.com/source/2249
|z Acceso restringido
|
| 942 |
|
|
|c BOOK
|
| 999 |
|
0 |
|a Fishery law and legislation
|
| 999 |
|
0 |
|a Fishes
|
| 999 |
|
0 |
|a Electronic books.
|